[Event "Velden op"]
[Site "Velden"]
[Date "1995.??.??"]
[Round "3"]
[White "Engedal, Kim Nikolai"]
[Black "Welling, Gerard"]
[Result "0-1"]
[WhiteElo "2230"]
[BlackElo "2415"]

1.e4 g6 2.d4 Bg7 3.Nc3 d6 4.f4 a6 5.Be3 b5 6.a4 b4 7.Na2 Nf6 8.Qd3 Bb7 9.d5 c5
10.c4 O-O 11.Rd1 e6 12.e5 Ng4 13.Nf3 exd5 14.cxd5 dxe5 15.fxe5 Nd7 16.Be2 Ndxe5
17.Nxe5 Nxe5 18.Qd2 Qa5 19.b3 Rad8 20.O-O Rxd5 21.Qc2 Rc8 22.Rxd5 Bxd5 23.Rc1 h5
24.Bc4 Bxc4 25.bxc4 Ng4 26.Bf2 Nxf2  0-1

[Event "Velden op"]
[Site "Velden"]
[Date "1995.??.??"]
[Round "8"]
[White "Forster, Richard"]
[Black "Mowsziszian, Karen"]
[Result "1-0"]
[WhiteElo "2370"]
[BlackElo "2440"]

1.e4 g6 2.d4 Bg7 3.Nc3 d6 4.f4 c6 5.Nf3 Bg4 6.Be3 Qb6 7.Qd2 Bxf3 8.gxf3 Nd7
9.O-O-O Qa5 10.f5 b5 11.Kb1 Nb6 12.Bd3 Rb8 13.Rhg1 Bf8 14.e5 b4 15.Ne2 Nd5
16.Ka1 Rb6 17.exd6 exd6 18.Bg5 Kd7 19.fxg6 hxg6 20.Nf4 Bg7 21.Nxd5 Qxd5 22.Qf4 f5
23.Bh4 Bh6 24.Qg3 Be3 25.Rge1 f4 26.Qxg6 Rxh4 27.Bf5+ Ke7 28.Qg5+ Nf6 29.Rd3 Rh6
30.Rdxe3+ fxe3 31.Qxe3+ Kf7 32.Qe7+ Kg8 33.Rg1+  1-0

[Event "CUB-ch sf"]
[Site "Villa Clara"]
[Date "1995.??.??"]
[Round "9"]
[White "Cabrera, Alexis"]
[Black "Fuentes, Luis"]
[Result "1-0"]
[WhiteElo "2275"]
[BlackElo "2295"]

1.e4 g6 2.d4 Bg7 3.Nc3 d6 4.Bg5 c6 5.Qd2 Qa5 6.f4 b5 7.Nf3 b4 8.Nd1 Qb6 9.a3 Bg4
10.axb4 Bxf3 11.gxf3 Qxd4 12.c3 Qb6 13.Ne3 Nf6 14.e5 dxe5 15.fxe5 Nh5 16.Nc4 Qc7
17.Qe3 O-O 18.Nb6 axb6 19.Rxa8 Bxe5 20.Bc4 Bxh2 21.Kd1 b5 22.Bb3 Qd6+ 23.Kc2 e6
24.Rd1 Qe5 25.Qxe5 Bxe5 26.Be7 Re8 27.Bd6 Bxd6 28.Rxd6 Nf6 29.c4 h5 30.cxb5 cxb5
31.Rb6 Nbd7 32.Rxe8+ Nxe8 33.Rxb5 Nd6 34.Ra5 h4 35.Ba4 Nb6 36.Bc6 Kf8 37.Ra6 Nbc4
38.b5 h3 39.Ra1 Ke7 40.Kc3 Ne5 41.Kd4 Nec4 42.Kc5 e5 43.b6 Nxb2 44.Ra7+  1-0

[Event "Villalba op"]
[Site "Villalba"]
[Date "1995.??.??"]
[Round "4"]
[White "Kolev, Atanas"]
[Black "Roa Alonso, Santiago"]
[Result "1-0"]
[WhiteElo "2500"]
[BlackElo "2360"]

1.e4 g6 2.d4 Bg7 3.Nc3 d6 4.Be3 Nd7 5.Qd2 a6 6.f4 b6 7.Nf3 c5 8.Bc4 e6 9.dxc5 Nxc5
10.O-O-O Bxc3 11.Qxc3 Nf6 12.Bxc5 bxc5 13.Rhe1 Bb7 14.e5 Ne4 15.Qb3 Qc7 16.exd6 Nxd6
17.Rxd6 Qxd6 18.Qxb7 Qxf4+ 19.Kb1 O-O 20.Qe4 Qc7 21.Qe5 Qxe5 22.Rxe5 Rac8
23.a4 Rc6 24.Re3 Rd8 25.Ka2 Kg7 26.Ne5 Rcd6 27.Nd3 Rc8 28.Re5 Rdc6 29.Kb3 Kf6
30.Kc3 h5 31.Re3 Kg7 32.a5 Rd6 33.Re4 Rc7 34.Bb3 Kf6 35.Rf4+ Kg7 36.Ne5 Rd1
37.Bc4 Ra1 38.Rf1 Rxa5 39.Nd3 Rd7 40.b3 Rd8 41.Kb2 Rd7 42.Ne5 Rc7 43.Rd1 Kf6
44.Rd7 Rxd7 45.Nxd7+ Kg5 46.Ne5 f5 47.Nc6 Rb5 48.Bxb5 axb5 49.Nd8 e5 50.Ne6+ Kg4
51.Nxc5 e4 52.Kc3 h4 53.Kd4 h3 54.gxh3+ Kxh3 55.c4 bxc4 56.bxc4 Kxh2 57.Nxe4 fxe4
58.Kxe4 g5 59.Kf5  1-0

[Event "Vladivostok2 op"]
[Site "Vladivostok"]
[Date "1995.??.??"]
[Round "8"]
[White "Markov, Jurij"]
[Black "Cherniaev, Alexander"]
[Result "1-0"]
[WhiteElo "2450"]
[BlackElo "2450"]

1.d4 d6 2.e4 g6 3.Nc3 Bg7 4.Nf3 Nf6 5.Bf4 O-O 6.Qd2 Bg4 7.Be2 Nc6 8.d5 Bxf3
9.gxf3 e5 10.dxc6 exf4 11.cxb7 Rb8 12.Ba6 Nd7 13.Qd5 Ne5 14.O-O-O c6 15.Qxd6 Qb6
16.Qa3 Nxf3 17.Rd6 Qxf2 18.Nd1 Qb6 19.c4 Ne5 20.c5 Qc7 21.Qb4 Rfe8 22.Nf2 Bf8
23.Rd2 Qe7 24.Rc2 f3 25.Kb1 Bh6 26.Qc3 Qh4 27.a3 Qf4 28.h3 Bg5 29.b4 Bh4
30.Rf1 Bxf2 31.Rcxf2 Qxe4+ 32.Kb2 h5 33.Kb3 g5 34.Rxf3 Nxf3 35.Rxf3 Qe5 36.Qxe5 Rxe5
37.Rf6 Re7 38.Rxc6 Rbxb7 39.Bxb7 Rxb7 40.Rd6 Kf8 41.Kc4 Ke7 42.Rh6 h4 43.c6 Rb6
44.Kc5 Ra6 45.c7 Rxa3  1-0

[Event "AUT-chT9596"]
[Site "Vorarlberg"]
[Date "1995.??.??"]
[Round "7"]
[White "Haemmerle, Gernot"]
[Black "Flatz, Lothar"]
[Result "1-0"]
[WhiteElo "1835"]
[BlackElo "1925"]

1.e4 g6 2.d4 Bg7 3.Nc3 d6 4.Bg5 Nd7 5.f4 h6 6.Bh4 c5 7.Nf3 Qa5 8.Qd2 cxd4
9.Nb5 Qb6 10.O-O-O a6 11.Nbxd4 Ngf6 12.e5 dxe5 13.fxe5 Ne4 14.Qe1 Ndc5 15.Bc4 O-O
16.b4 Bg4 17.bxc5 Nxc5 18.Bxe7 Rfe8 19.Bd6 Rac8 20.Rf1 Nd7 21.Bb3 Nxe5 22.Qb4 Qxb4
23.Bxb4 Nc4 24.Rfe1 b5 25.Rxe8+ Rxe8 26.Bxc4 bxc4 27.h3 Bxf3 28.Nxf3 f5 29.c3 g5
30.Re1 Rd8 31.Nd2 Rd3 32.Kc2 Rg3 33.Re2 h5 34.Nxc4 f4 35.Nd2 g4 36.Ne4 gxh3
37.Nxg3 h2 38.Nh1  1-0

[Event "Werfen op"]
[Site "Werfen"]
[Date "1995.??.??"]
[Round "7"]
[White "Wieser, Rupert"]
[Black "Hager, Franz"]
[Result "0-1"]
[WhiteElo "1890"]
[BlackElo "2230"]

1.e4 d6 2.d4 g6 3.Nc3 Bg7 4.g3 c6 5.a4 Nf6 6.Bg2 O-O 7.Nge2 b6 8.h3 Bb7 9.O-O e5
10.Bg5 a6 11.Qd2 Qc7 12.f4 exd4 13.Nxd4 h6 14.Bh4 Re8 15.e5 dxe5 16.fxe5 Nh7
17.g4 Qxe5 18.Nb3 Qc7 19.Rad1 g5 20.Bf2 Nf8 21.Nd4 Bc8 22.Ne4 c5 23.Ne2 Bb7
24.Nd6 Bxg2 25.Nxe8 Qc6 26.Qd6 Bxf1 27.Kxf1 Qxe8  0-1

[Event "Sonnevanck"]
[Site "Wijk aan Zee"]
[Date "1995.??.??"]
[Round "1"]
[White "Armas, Iulius"]
[Black "Glek, Igor V"]
[Result "0-1"]
[WhiteElo "2415"]
[BlackElo "2590"]

1.e4 g6 2.d4 Bg7 3.Nc3 d6 4.Nf3 Nd7 5.Bc4 e6 6.Bg5 Ne7 7.Qd2 h6 8.Be3 a6
9.a4 b6 10.O-O Bb7 11.h3 c6 12.Bb3 b5 13.d5 Nc5 14.dxe6 Nxe6 15.Rad1 Nc8
16.Bxe6 fxe6 17.Bf4 b4 18.Ne2 c5 19.Ng3 Qe7 20.c3 bxc3 21.bxc3 e5 22.Be3 Bc6
23.a5 Kf7 24.h4 Qe6 25.Nh2 Kg8 26.f4 exf4 27.Bxf4 Kh7 28.Qe3 Rd8 29.Nf3 Ne7
30.h5 Rd7 31.Kf2 Rf8 32.hxg6+ Nxg6 33.Bxh6 Bxh6 34.Rh1 Ne5 35.Ke2 Bb5+ 36.c4 Qxc4+  0-1

[Event "Sonnevanck-B"]
[Site "Wijk aan Zee"]
[Date "1995.??.??"]
[Round "5"]
[White "Jonkman, Harmen"]
[Black "Los, Sander"]
[Result "0-1"]
[WhiteElo "2290"]
[BlackElo "2365"]

1.e4 d6 2.d4 g6 3.Nc3 Bg7 4.f4 Nc6 5.Be3 Nf6 6.Nf3 O-O 7.h3 Nh5 8.Bd3 e5
9.fxe5 dxe5 10.d5 Nd4 11.O-O Ng3 12.Rf2 f5 13.exf5 gxf5 14.Bc4 Nxf3+ 15.Qxf3 Qh4
16.Bc5 Re8 17.Bb3 Kh8 18.Nb5 Bd7 19.Nxc7 e4 20.Qd1 e3 21.Rf3 f4 22.Nxe8 Rxe8
23.Bd4 Bxh3 24.Bxg7+ Kxg7 25.Qd4+ Kg6 26.Bc4 Bf5 27.Rxg3+ Qxg3 28.Bd3 f3
29.Bxf5+ Kxf5 30.Qd3+ Re4 31.Qf1 f2+  0-1

[Event "Sonnevanck"]
[Site "Wijk aan Zee"]
[Date "1995.??.??"]
[Round "5"]
[White "Riemersma, Liafbern"]
[Black "Nijboer, Friso"]
[Result "0-1"]
[WhiteElo "2430"]
[BlackElo "2510"]

1.e4 d6 2.d4 g6 3.Nc3 Bg7 4.Be3 c6 5.Qd2 Nd7 6.f3 Ngf6 7.g4 b5 8.h4 h6 9.Bd3 Bb7
10.Nge2 a6 11.Ng3 c5 12.h5 Nxg4 13.fxg4 cxd4 14.hxg6 fxg6 15.Bxd4 Bxd4 16.O-O-O Qa5
17.Rxh6 b4 18.e5 Rxh6 19.Qxh6 O-O-O 20.Nce2 Bxe5 21.Kb1 Bd5 22.b3 Bf3 23.Be4 Qa3
24.Qc1 Qxc1+ 25.Rxc1 Bxg4 26.Rg1 g5 27.Bd3 Nc5 28.Bf5+ Bxf5 29.Nxf5 Bf6 30.Ned4 e6  0-1

[Event "Sonnevanck-B"]
[Site "Wijk aan Zee"]
[Date "1995.??.??"]
[Round "5"]
[White "Van de Oudeweetering, Arthur"]
[Black "Reeh, Oliver"]
[Result "1/2-1/2"]
[WhiteElo "2330"]
[BlackElo "2450"]

1.e4 d6 2.d4 g6 3.Nc3 Bg7 4.f4 Nc6 5.Bb5 a6 6.Bxc6+ bxc6 7.Nf3 Nf6 8.O-O O-O
9.Qe1 e6 10.e5 Nd5 11.Ne4 f5 12.Neg5 h6 13.Nh3 c5 14.dxc5 dxc5 15.Nh4 Nb4
16.Qf2 Nxc2 17.Nxg6 Nxa1 18.Nxf8 Bxf8 19.Be3 Qd5 20.Rxa1 Bb7 21.Kh1 Rd8 22.Ng1 c4
23.Ne2 Rd7 24.Ng3 Qc6 25.Nh5 Rd3 26.Rg1 Kf7 27.Nf6 Bg7 28.Qe2 Ke7 29.b3 Bxf6
30.exf6+ Kxf6 31.bxc4 Qe4 32.Qb2+ Kf7 33.Bc5 Rd8 34.Bf2 Rd1 35.Bc5 Rxg1+
36.Bxg1 Bc6 37.Qd2 Qxc4 38.h3 Bd5 39.a3 Qb3 40.Qe3 Qc2 41.Bf2 c5 42.Kh2 Qd1
43.Be1 Ke8 44.Qg3 Kd7 45.Bf2 Qc1 46.a4 Qc2 47.Kg1 Qxa4 48.Bxc5 Qd1+ 49.Kh2 Qf1
50.Be3 h5 51.Qg8 Qe2 52.Qf7+ Kd6 53.Qf8+ Kd7 54.Qf7+ Kd6 55.Qf8+ Kd7  1/2-1/2

[Event "Hoogovens op"]
[Site "Wijk aan Zee"]
[Date "1995.??.??"]
[Round "7"]
[White "Van der Wiel, John TH"]
[Black "Nijboer, Friso"]
[Result "1/2-1/2"]
[WhiteElo "2570"]
[BlackElo "2510"]

1.e4 d6 2.d4 g6 3.Nc3 Bg7 4.Be3 c6 5.Qd2 Nd7 6.h4 Ngf6 7.Bh6 Bxh6 8.Qxh6 b5
9.Bd3 e5 10.dxe5 dxe5 11.Nf3 Qe7 12.O-O Bb7 13.a4 b4 14.Nd1 Ng4 15.Qg5 Qxg5
16.Nxg5 f6 17.Nh3 a5 18.f3 Nh6 19.Ne3 Ke7 20.Nf2 Nf7 21.Nc4 Rhd8 22.Rfd1 Nc5
23.Nb6 Ra7 24.Bf1 Rb8 25.Nd3 Nxd3 26.Bxd3 Bc8 27.Nxc8+ Rxc8 28.Kf2 Nd6 29.Bf1 Nb7
30.g3 Nc5 31.Bh3 Rd8 32.Rxd8 Kxd8 33.Rd1+ Ke7 34.b3 Ra8 35.h5 Rf8 36.Rh1 f5
37.hxg6 hxg6 38.exf5 gxf5 39.Bf1 f4 40.Rh5 fxg3+ 41.Kxg3 Kd6 42.Rh6+ Kc7
43.Rh5 Re8 44.Kf2 Kd6 45.Bh3 Re7 46.Rh6+ Kc7 47.Ke3 Nb7 48.Re6 Rxe6 49.Bxe6 Kd6
50.Bh3 Kd5 51.Bf5 Nd6 52.Be4+ Kc5 53.Bg6 Nb7 54.Bf7 Kd6 55.f4 Ke7 56.Bh5 exf4+
57.Kxf4 Kd6 58.Bf3 Nd8 59.Ke4 Nf7 60.Bg4 Ne5 61.Bh5 c5 62.Be2 Nd7 63.Bc4 Nf6+
64.Kf5 Nd5 65.Ke4 Nc3+ 66.Kd3 Ke5 67.Bg8 Kd6  1/2-1/2

[Event "Oberliga Wuert9596"]
[Site "Wuerttemberg"]
[Date "1995.??.??"]
[Round "?"]
[White "Wolf, Walter"]
[Black "Held, Paul"]
[Result "1-0"]
[WhiteElo "2270"]
[BlackElo "2285"]

1.e4 d6 2.d4 g6 3.Nc3 Bg7 4.Be3 c6 5.Be2 Nf6 6.Qd2 b5 7.f3 Nbd7 8.Nh3 Nb6
9.Nf2 Nc4 10.Bxc4 bxc4 11.O-O O-O 12.g4 Nd7 13.Rfd1 Bb7 14.Bh6 Bxh6 15.Qxh6 c5
16.Ne2 cxd4 17.Nxd4 Qa5 18.f4 Nf6 19.Qh4 Rfe8 20.c3 Nxe4 21.Nxe4 Bxe4 22.Re1 Bb7
23.Rad1 Qd5 24.Qg3 Qc5 25.Re3 Rab8 26.Rde1 e6 27.R1e2 Kg7 28.h4 h6 29.Kh2 Qd5
30.Nf3 Ba8 31.f5 e5 32.Qf2 Bc6 33.g5 h5 34.Rd2 Qc5 35.fxg6 fxg6 36.Nd4 Rf8
37.Ne6+ Kg8 38.Nxc5  1-0

[Event "EU-ch U18 Girls"]
[Site "Zagan"]
[Date "1995.??.??"]
[Round "4"]
[White "Andreescu, Nicoleta Aurora"]
[Black "Kiseleva, Natalia"]
[Result "0-1"]
[WhiteElo "2160"]
[BlackElo "2260"]

1.e4 g6 2.d4 Bg7 3.Nc3 d6 4.Be3 a6 5.f4 b5 6.Bd3 Bb7 7.Nf3 Nf6 8.e5 Ng4 9.Bg1 O-O
10.h3 Nh6 11.Bf2 dxe5 12.dxe5 f6 13.O-O Kh8 14.Ne4 fxe5 15.fxe5 Nd7 16.Nfg5 Bd5
17.e6 Ne5 18.a4 Nxd3 19.cxd3 Bxe4 20.Nxe4 Qd5 21.axb5 axb5 22.Qc2 c6 23.Rae1 Qxe6
24.Nc5 Qd5 25.Ne6 Nf5 26.Nxf8 Rxf8 27.Re4 Rd8 28.Rd1 Bf6 29.b4 Kg7 30.Qc5 Qb3
31.Rde1 Qxd3 32.Qxc6 Rd6 33.Qc1 Bd4 34.Bxd4+ Rxd4 35.Qa1 Kf7 36.Rxd4 Nxd4
37.Rf1+ Nf5 38.Qe5 Ke8 39.Qb8+ Kd7 40.Qb7+ Ke8 41.Qc8+ Kf7 42.Qc5 h5 43.Qe5 h4
44.Rf4 Qd1+ 45.Kh2 Qd3 46.Rf3 Qd6 47.Qxd6 exd6 48.Kg1 d5 49.Rc3 Ke6 50.Rc5 Nd6
51.Kf1 Ke5 52.Ke2 Ne4 53.Rc8 Kd4 54.Kf3 g5 55.Rc7 Kd3 56.Rc5 Nc3 57.Kg4 d4
58.Rxg5 Kc2 59.Rc5 d3  0-1

[Event "EU-ch U16"]
[Site "Zagan"]
[Date "1995.??.??"]
[Round "5"]
[White "Antoniewski, Rafal"]
[Black "Felecan, Florin"]
[Result "1/2-1/2"]
[WhiteElo "2250"]
[BlackElo "2270"]

1.e4 g6 2.d4 d6 3.Nc3 Bg7 4.Nf3 Nf6 5.Be2 O-O 6.O-O Bg4 7.Be3 Nc6 8.d5 Bxf3
9.Bxf3 Ne5 10.Be2 c6 11.f4 Ned7 12.dxc6 bxc6 13.Qd3 Rb8 14.Rab1 Qa5 15.a3 Nc5
16.Qc4 Nfd7 17.e5 Qc7 18.Bf3 Nb6 19.Qe2 Ncd7 20.exd6 exd6 21.Qd3 d5 22.b3 Qd6
23.a4 Nc5 24.Qd2 Rbd8 25.Bf2 f5 26.Rbd1 Qe7 27.a5 Ne4 28.Bxe4 dxe4 29.Qe3 Nd7
30.Na4 Rfe8 31.c4 a6 32.h3 Nf8 33.Nc5 Ne6 34.Nxe6 Qxe6 35.Rfe1 Rd6 36.Qe2 Red8
37.Bb6 Bd4+ 38.Rxd4 Rxd4 39.Bxd8 Rxd8 40.Rd1 Rd6 41.c5 Rd5 42.b4 Rxd1+ 43.Qxd1 Qc4
44.Qd8+ Kf7 45.Qd7+ Kg8 46.Qd8+ Kf7  1/2-1/2

[Event "EU-ch U16"]
[Site "Zagan"]
[Date "1995.??.??"]
[Round "7"]
[White "Pinski, Jan"]
[Black "Felecan, Florin"]
[Result "1-0"]
[WhiteElo "2270"]
[BlackElo "2270"]

1.e4 g6 2.d4 d6 3.Nc3 Bg7 4.Be3 c6 5.f3 b5 6.Qd2 a6 7.Bd3 Nd7 8.a4 b4 9.Nd1 Rb8
10.Ne2 c5 11.O-O cxd4 12.Nxd4 Qc7 13.c3 Qb7 14.cxb4 Qxb4 15.Qxb4 Rxb4 16.Nc6 Rb3
17.Bc4 Rxe3 18.Nxe3 Bxb2 19.Rab1 Ba3 20.Nd5 Bc5+ 21.Kh1 e6 22.Nc7+ Kf8 23.Bxa6 Ne7
24.Bxc8 Nxc8 25.Rb7 Ne5 26.Nxe5 dxe5 27.Rc1  1-0

[Event "Zalakaros op"]
[Site "Zalakaros"]
[Date "1995.??.??"]
[Round "2"]
[White "Tolnai, Tibor"]
[Black "Varga, Karoly"]
[Result "1-0"]
[WhiteElo "2470"]
[BlackElo "2305"]

1.e4 g6 2.d4 Bg7 3.Nc3 d6 4.Be3 Nd7 5.Qd2 e5 6.O-O-O Ne7 7.dxe5 dxe5 8.Bh6 O-O
9.h4 f5 10.Bc4+ Kh8 11.Bxg7+ Kxg7 12.Be6 Rf6 13.exf5 Nxf5 14.Bxd7 Rd6 15.Bxf5 Rxd2
16.Rxd2 Qf6 17.Bxc8 Rxc8 18.Nf3 Re8 19.Ng5 Qc6 20.f3 b5 21.Rhd1 h6 22.Rd7+ Kf8
23.Nh7+ Kg8 24.Ne4 Re6 25.Rd8+ Kf7 26.R1d7+ Re7 27.Rf8+ Ke6 28.Rf6+ Kxd7
29.Nf8+  1-0

[Event "Zaragoza op-A"]
[Site "Zaragoza"]
[Date "1995.??.??"]
[Round "1"]
[White "Kolev, Atanas"]
[Black "Hillarp Persson, Tiger"]
[Result "0-1"]
[WhiteElo "2505"]
[BlackElo "2395"]

1.e4 g6 2.d4 Bg7 3.Nc3 d6 4.Be3 a6 5.Qd2 Nd7 6.Nf3 b5 7.a4 b4 8.Ne2 c5 9.Ng3 Ngf6
10.h3 Qc7 11.c3 h5 12.Bd3 c4 13.Bb1 b3 14.O-O e5 15.Ng5 Bb7 16.f4 a5 17.f5 Nf8
18.Qf2 Ra6 19.Kh1 Bc8 20.Ne2 Qe7 21.Nf3 Bb7 22.Nd2 Rc6 23.d5 Rc8 24.Bb6 N8d7
25.Bxa5 Bh6 26.Qa7 Nc5 27.Nxc4 Ba6 28.Qxe7+ Kxe7 29.Nb6 Bxe2 30.Re1 Ba6 31.Nxc8+ Rxc8
32.fxg6 fxg6 33.c4 Bxc4 34.Bb4 Nfd7 35.a5 Ba6 36.Ra3 Rb8 37.Bc3 Rf8 38.Kg1 Bf4
39.Kh1 g5 40.Bb4 g4 41.Rd1 Rg8 42.hxg4 hxg4 43.g3 Bxg3 44.Kg2 Bf4 45.Rh1 Kd8
46.Rh7 g3 47.Bxc5 Nxc5 48.Ra7 Bf1+ 49.Kf3 Rg6 50.Ra4 g2 51.Rb4 Rg3+  0-1

[Event "Zaragoza op-A"]
[Site "Zaragoza"]
[Date "1995.??.??"]
[Round "2"]
[White "Korneev, Oleg"]
[Black "Todorcevic, Miodrag"]
[Result "1-0"]
[WhiteElo "2540"]
[BlackElo "2460"]

1.e4 d6 2.d4 g6 3.Nc3 Bg7 4.g3 Nc6 5.Be3 e5 6.dxe5 Nxe5 7.f4 Ng4 8.Bd4 N8f6
9.Nge2 c5 10.Bg1 O-O 11.h3 Nh6 12.g4 Re8 13.g5 Nxe4 14.Nxe4 Rxe4 15.gxh6 Bxb2
16.Bg2 Bc3+ 17.Kf1 Rxe2 18.Kxe2 Qf6 19.Be3 Bd7 20.Bxb7 Re8 21.Kf3 Qe7 22.Bf2 Bb5
23.Qd5 Qd7 24.Rab1 Bf6 25.Kg3 Re2 26.Rhe1 Rxc2 27.Bc6 Rc3+ 28.Re3 Rxe3+ 29.Bxe3 Qe7
30.Kf3 Bd4 31.Qe4  1-0

[Event "Zaragoza op-B"]
[Site "Zaragoza"]
[Date "1995.??.??"]
[Round "3"]
[White "Cid Royo, Oscar"]
[Black "Bermejo Collado, Julian"]
[Result "0-1"]
[WhiteElo "2105"]
[BlackElo "2275"]

1.e4 d6 2.d4 g6 3.Nc3 Bg7 4.f4 Nc6 5.Be3 Nf6 6.Be2 e5 7.dxe5 dxe5 8.Qxd8+ Kxd8
9.O-O-O+ Bd7 10.fxe5 Nxe5 11.Nf3 Nxf3 12.Bxf3 h5 13.h3 c6 14.e5 Nh7 15.Rd3 Nf8
16.Bc5 Kc7 17.Rhd1 Bf5 18.Bd6+ Kc8 19.Be4 Be6 20.b4 Nd7 21.b5 Nxe5 22.bxc6 bxc6
23.Bxe5 Bxe5 24.Kd2 Kc7 25.Ke3 Rhd8 26.Ne2 Rxd3+ 27.cxd3 Kd6 28.Rc1 Rc8 29.d4 Bg7
30.Rc2 Bh6+ 31.Kd3 Rc7 32.Nc3 Re7 33.Na4 Bd5 34.Bxd5 cxd5 35.Re2 Rxe2 36.Kxe2 f5
37.Nc5 Bg5 38.Nd3 Bf6 39.Ke3 h4 40.Nf2 Kc6 41.Kd3 Bg5 42.Nd1 Bf4 43.Kc3 g5  0-1

[Event "Zaragoza op-A"]
[Site "Zaragoza"]
[Date "1995.??.??"]
[Round "4"]
[White "Granados Gomez, Manuel"]
[Black "Comas Fabrego, Luis"]
[Result "1/2-1/2"]
[WhiteElo "2400"]
[BlackElo "2490"]

1.d4 g6 2.e4 Bg7 3.Nc3 d6 4.g3 Nf6 5.Bg2 O-O 6.Nge2 Nbd7 7.O-O c5 8.h3 cxd4
9.Nxd4 a6 10.a4 Rb8 11.Be3 Ne5 12.b3 Bd7 13.Qd2 Re8 14.a5 Nc6 15.Nxc6 Bxc6
16.Nd5 Nxd5 17.exd5 Bd7 18.c4 Qc8 19.Kh2 Bxa1  1/2-1/2

[Event "Zaragoza op-A"]
[Site "Zaragoza"]
[Date "1995.??.??"]
[Round "4"]
[White "Apicella, Manuel"]
[Black "Hillarp Persson, Tiger"]
[Result "0-1"]
[WhiteElo "2505"]
[BlackElo "2395"]

1.e4 g6 2.d4 Bg7 3.Nc3 d6 4.Be3 a6 5.Qd2 Nd7 6.f3 b5 7.h4 h5 8.Nh3 Bb7 9.Ng5 Ngf6
10.a4 e6 11.Be2 O-O 12.O-O e5 13.dxe5 dxe5 14.Nd1 Qe7 15.c4 b4 16.c5 a5 17.Qc2 Nh7
18.Nf2 Nxg5 19.hxg5 Rfd8 20.Rad1 Nf8 21.Bc4 Ne6 22.Bxe6 Qxe6 23.Rxd8+ Rxd8
24.Rd1 Rxd1+ 25.Qxd1 Qc4 26.g4 h4 27.Nd3 Ba6 28.Nc1 Bf8 29.Nb3 Bc8 30.Nxa5 Qa6
31.Nb3 Qxa4 32.Qd3 Be6 33.Nc1 Qa5 34.Kg2 Bxc5 35.Nb3 Bxb3 36.Qxb3 Qb5 37.Bxc5 Qxc5
38.Qd3 Qd4 39.Qe2 c5 40.Kh3 c4 41.Kxh4 Qd3 42.Qf2 c3 43.bxc3 bxc3 44.Qb6 Qc4
45.Qb8+ Kh7 46.Qb1 c2 47.Qc1 Qe2 48.Qg1  0-1

[Event "Zaragoza op-A"]
[Site "Zaragoza"]
[Date "1995.??.??"]
[Round "6"]
[White "Mellado Trivino, Juan"]
[Black "Franco Ocampo, Zenon"]
[Result "1-0"]
[WhiteElo "2445"]
[BlackElo "2490"]

1.d4 g6 2.e4 Bg7 3.Nc3 d6 4.Bg5 a6 5.a4 b6 6.f4 Bb7 7.Bc4 c5 8.d5 Nd7 9.Nf3 Ngf6
10.O-O O-O 11.e5 Ne8 12.Qe2 f6 13.Bh4 Nc7 14.e6 b5 15.axb5 Nb6 16.bxa6 Bxd5
17.Nxd5 Ncxd5 18.Bxd5 Nxd5 19.Qe4 Nc7 20.f5 Qc8 21.fxg6 hxg6 22.Qxg6 Qxe6
23.a7 Nd5 24.Rfe1 Nf4 25.Qg3 Qc4 26.Rxe7 Ne2+ 27.Rxe2 Qxe2 28.Qxd6 Qxc2 29.Qd5+ Kh7
30.Bf2 Qxb2 31.Ra4 Qc1+ 32.Be1 Bh6 33.h3 Rg8 34.Qe4+ Kh8 35.Kh2 Qe3 36.Qh4 Rg6
37.Bd2 Qe2 38.Rg4 Rxg4 39.Qxh6+ Kg8 40.hxg4 Rxa7 41.Qxf6 Rh7+ 42.Kg3 Rf7
43.Qd8+ Rf8 44.Qd5+ Kh7 45.Qh5+  1-0

[Event "Zlin"]
[Site "Zlin"]
[Date "1995.??.??"]
[Round "?"]
[White "Kogan, Artur"]
[Black "Vokac, Marek"]
[Result "1-0"]
[WhiteElo "2495"]
[BlackElo "2475"]

1.d4 g6 2.e4 Bg7 3.Nc3 d6 4.f4 a6 5.Nf3 b5 6.Bd3 Bb7 7.O-O Nd7 8.Ne2 c5 9.c3 Qb6
10.Kh1 Ngf6 11.Ng3 cxd4 12.cxd4 d5 13.e5 Ne4 14.Qe1 f5 15.exf6 Ndxf6 16.f5 Rd8
17.Ng5 Nxg5 18.Bxg5 Qxd4 19.Rd1 Qg4 20.fxg6 Qxg5 21.Nf5 O-O 22.Nxg7 d4 23.Rf2 Ng4
24.Rf5 Rxf5 25.Nxf5 hxg6 26.h4 Qf4 27.Nxe7+ Kg7 28.Nf5+ gxf5 29.Qe7+ Kh6
30.Qe6+ Kh5 31.Qf7+ Kxh4 32.Qh7+ Qh6 33.Qc7 Rd7 34.Qb8 f4 35.Kg1 Kg3 36.Be4 Qh2+
37.Kf1 Bxe4 38.Rd2 Qg1+ 39.Kxg1 Rh7 40.Qd6 d3 41.Rxd3+  1-0

[Event "Deildakeppni 9596"]
[Site "Gardaboer"]
[Date "1996.03.??"]
[Round "?"]
[White "Karason, Askell O"]
[Black "Sigurjonsson, Gudmundur"]
[Result "0-1"]
[WhiteElo "2230"]
[BlackElo "2465"]

1.d4 g6 2.e4 Bg7 3.Nc3 d6 4.Be3 c6 5.Qd2 b5 6.Bd3 Nd7 7.Nf3 Qc7 8.O-O Ngf6
9.Bh6 O-O 10.Bxg7 Kxg7 11.Rfe1 e5 12.Nd1 a5 13.c3 Rb8 14.b4 Re8 15.dxe5 dxe5
16.Ne3 Rd8 17.Rad1 Nb6 18.Qc1 Na4 19.Bb1 Rxd1 20.Rxd1 h6 21.a3 Be6 22.Qd2 Ra8
23.Bc2 Nb2 24.Qd6 Qxd6 25.Rxd6 axb4 26.cxb4 Rxa3 27.h3 Nc4 28.Rxc6 Nxe3 29.fxe3 Nd7
30.Ne1 Bc4 31.Rd6 Rxe3 32.Nd3 Be6 33.Kf2 Rxe4 34.Kf3 Rc4 35.Bb3 e4+ 36.Ke3 exd3
37.Bxc4 bxc4 38.b5 Kf6 39.g4 Ke7 40.Ra6 c3 41.b6 d2  0-1

[Event "Donner mem op"]
[Site "Amsterdam"]
[Date "1996.??.??"]
[Round "9"]
[White "Blees, Albert"]
[Black "Van Steenis, Joost"]
[Result "1-0"]
[WhiteElo "2415"]
[BlackElo "2205"]

1.d4 g6 2.e4 Bg7 3.Nc3 d6 4.Be3 c6 5.Nf3 Bg4 6.Bc4 Bxf3 7.Qxf3 e6 8.h4 h5
9.Bg5 Bf6 10.d5 cxd5 11.exd5 e5 12.Ne4 Be7 13.Bxe7 Qxe7 14.Qa3 Kd7 15.Bb5+ Kc7
16.Rh3  1-0

[Event "Donner mem op"]
[Site "Amsterdam"]
[Date "1996.??.??"]
[Round "11"]
[White "Van Delft, Merijn"]
[Black "Kohler, Aran"]
[Result "0-1"]
[WhiteElo "2185"]
[BlackElo "2320"]

1.e4 g6 2.d4 Bg7 3.Nc3 d6 4.Be3 c6 5.Qd2 Nd7 6.O-O-O b5 7.Bd3 Nb6 8.f4 f5
9.exf5 Bxf5 10.Bxf5 gxf5 11.Qd3 Qd7 12.d5 c5 13.Nf3 b4 14.Nb1 Na4 15.c3 Rb8
16.Rd2 Nf6 17.Ng5 Ne4 18.Nxe4 fxe4 19.Qxe4 bxc3 20.bxc3 Bxc3 21.Re2 Qb5 22.Rf2 Bb2+  0-1

[Event "Donner mem op"]
[Site "Amsterdam"]
[Date "1996.??.??"]
[Round "11"]
[White "Pel, Bonno"]
[Black "Van Manen, Gerben M"]
[Result "0-1"]
[WhiteElo "2175"]
[BlackElo "2210"]

1.Nc3 d6 2.d4 g6 3.e4 Bg7 4.Be3 c6 5.Qd2 b5 6.a4 b4 7.Na2 a5 8.c3 bxc3 9.bxc3 Nf6
10.f3 Nbd7 11.g4 h5 12.g5 Nh7 13.Bd3 e5 14.Ne2 O-O 15.Rg1 Ba6 16.Rb1 Bxd3
17.Qxd3 d5 18.exd5 cxd5 19.Rb5 e4 20.fxe4 dxe4 21.Qxe4 Re8 22.Qd3 Ne5 23.Rxe5 Bxe5
24.h4 Bc7 25.c4 Qe7 26.Kf2 Qd7 27.d5 Qh3 28.d6 Bxd6 29.Nac3 Bc5 30.Ne4 Rad8
31.Nd4 Bxd4  0-1

[Event "Donau op 5th"]
[Site "Aschach"]
[Date "1996.??.??"]
[Round "1"]
[White "Mahdi, Khaled"]
[Black "Djurkovic, Maks"]
[Result "1-0"]
[WhiteElo "2420"]
[BlackElo "2085"]

1.e4 g6 2.d4 Bg7 3.Nc3 d6 4.Nf3 a6 5.h3 b5 6.a4 b4 7.Ne2 Bb7 8.Ng3 Nf6 9.Bd3 Nbd7
10.c3 c5 11.O-O O-O 12.Re1 cxd4 13.cxd4 e5 14.Be3 d5 15.Bg5 Qb8 16.Nxe5 Nxe5
17.Bf4 Nxe4 18.dxe5 Bxe5 19.Bxe5 Qxe5 20.Qb3 a5 21.Rad1 Nc5 22.Qc2 Qd6 23.Bb5 Rac8
24.Qd2 Qf6 25.Re3 Ne4 26.Qe2 Qb6 27.Red3 Rc5 28.Nf1 f5 29.Rd4 f4 30.f3 Ng5
31.Qf2 Qc7 32.R4d2 Ne6 33.Re1 Rf6 34.Nh2 h5 35.Rde2 Bc8 36.Nf1 Kg7 37.Nd2 Rc2
38.Nb3 Rxe2 39.Rxe2 Kh6 40.Rc2 Qb8 41.Nxa5 d4 42.Nc6 Qd6 43.Rd2 Rf5 44.Nxd4 Rd5
45.Nb3 Ng5 46.h4 Ne6 47.Bc4 Rxd2 48.Qxd2 Qxd2 49.Nxd2 Nd4 50.Nb3 Nxb3 51.Bxb3 Ba6
52.g3 g5 53.gxf4 gxh4 54.Bd5 Kg6 55.Be4+ Kf6 56.Kg2 Bc8 57.a5 h3+ 58.Kh2 Ke7
59.f5 Kf6 60.f4  1-0

[Event "Donau op 5th"]
[Site "Aschach"]
[Date "1996.??.??"]
[Round "3"]
[White "Zoister, Stefan"]
[Black "Gerer, Josef"]
[Result "1/2-1/2"]
[WhiteElo "2030"]
[BlackElo "2215"]

1.e4 g6 2.d4 d6 3.Nc3 Bg7 4.Be2 Nf6 5.h4 c5 6.dxc5 Qa5 7.Bd2 Qxc5 8.h5 gxh5
9.Be3 Qa5 10.f3 Nc6 11.g3 a6 12.Qd2 Rg8 13.Rd1 Bd7 14.Nh3 Bxh3 15.Rxh3 Bh8
16.Kf1 Rc8 17.Nd5 Nxd5 18.exd5 Qxd2 19.Rxd2 Na5 20.c3 Bf6 21.Rxh5 Rg7 22.g4 Nc4
23.Bxc4 Rxc4 24.Rdh2 Be5 25.Rxh7 Rxh7 26.Rxh7 b5 27.Ke2 a5 28.Kd3 a4 29.Bd4 Kf8
30.Rh1 Kg7 31.f4 Bf6 32.Re1 Rc7 33.Re4 Bxd4 34.Rxd4 Rc5 35.c4 bxc4+ 36.Kc3 Kf6
37.Rxc4 Rxd5 38.Rxa4 e5 39.fxe5+ dxe5 40.Rc4 Rd8 41.b4 Ra8 42.Kb3 Ke6 43.a4 Kd5
44.b5 e4 45.Rc1 e3 46.b6 e2 47.Kb4 Re8 48.Re1 Kc6 49.a5 Re4+ 50.Kc3 Re5 51.Kd3  1/2-1/2

[Event "Ashkhabad"]
[Site "Ashkhabad"]
[Date "1996.??.??"]
[Round "3"]
[White "Saltaev, Mihail"]
[Black "Ahundov, Ruslan"]
[Result "1/2-1/2"]
[WhiteElo "2530"]
[BlackElo "2405"]

1.e4 g6 2.d4 Bg7 3.Nc3 d6 4.f4 e6 5.Nf3 Ne7 6.Be3 b6 7.Bd3 Ba6 8.O-O O-O
9.Qe2 Bxd3 10.cxd3 c5 11.Qf2 Nbc6 12.Rad1 cxd4 13.Nxd4 Nxd4 14.Bxd4 e5 15.Be3 exf4
16.Bxf4 d5 17.Qh4 Bxc3 18.bxc3 f6 19.Be3 Rf7 20.Bd4 dxe4 21.dxe4 f5 22.Qg3 Qb8
23.e5 Nc6 24.Rfe1 Re7 25.Qf3 Qe8 26.Bf2 Rxe5 27.Rxe5 Nxe5 28.Qd5+ Nf7 29.Re1 Qd8
30.Qb3 Qd7 31.Rd1 Qc6 32.Qa3 Qb7 33.Re1 Qd7 34.Bxb6 Re8 35.Rxe8+ Qxe8 36.Bf2 Qe2
37.h3 a6 38.Qb3 Qb5 39.Qe6 Qb1+ 40.Kh2 Qb8+ 41.Kh1 Qb1+ 42.Kh2 Qb8+ 43.Kg1 Qb1+
44.Kh2 Qb8+  1/2-1/2